Statistics for All the young dudes characters

Click here to take the quiz!

General Stats

  • This quiz has been taken 155 times
  • The average score is 25 of 42

Answer Stats

HintAnswer% Correct
MaraudersJames
99%
Remus
99%
Sirius
99%
Peter
98%
Narcissa
95%
Regulus
95%
The BlacksBellatrix
94%
Marlene
92%
Mary
92%
Orion
91%
Andromeda
90%
Walburga
90%
Fleamont
87%
GryffindorsLily
87%
Marauders' ParentsEuphemia
86%
SlytherinsSeverus
85%
Dorcas
79%
Hope
78%
Barty
77%
MugglesGrant
76%
Lyall
76%
Albus Dumbledore
75%
TeachersMinerva Mcgonagall
70%
Frank
63%
Alice
59%
Mulciber
42%
Filius Flitwick
40%
Lucius
38%
OthersChristopher
37%
Alphard
36%
Leo Ferox
27%
Petunia
25%
Poppy Pomfrey
25%
Alastor Moody
17%
Professor Binns
16%
Vernon
12%
Madame Hooch
10%
Kettleburn
8%
Rodolphus
4%
Darren
3%
Ste
3%
Kingsley Shacklebolt
1%

Score Distribution

Percentile by Number Answered

Percent of People with Each Score

Your Score History

You have not taken this quiz